书目信息 |
| 题名: |
语言学专刊
|
|
| 作者: | 李荣 编 | |
| 分册: | 第四种 切韵音系 | |
| 出版信息: | 北京 中国科学院 1952 |
|
| 页数: | 182页 | |
| 开本: | 26cm | |
| 丛书名: | ||
| 单 册: | ||
| 中图分类: | H0 | |
| 科图分类: | ||
| 主题词: | 语言学 | |
| 电子资源: | ||
| ISBN: | ||
| 000 | 00546nam0 2200205 450 | |
| 001 | 0634566140 | |
| 005 | 20060820093800.93 | |
| 010 | @dCNY1.50 | |
| 100 | @a20060820d1952 km y0chiy0120 ea | |
| 101 | 0 | @achi |
| 102 | @aCN@b110000 | |
| 200 | 1 | @a语言学专刊@Ayu yan xue zhuan kan@h第四种@i切韵音系@f李荣编@Fli rong bian |
| 210 | @a北京@c中国科学院@d1952 | |
| 215 | @a182页@d26cm | |
| 517 | 1 | @a切韵音系@Aqie yun yin xi |
| 606 | 0 | @a语言学 |
| 690 | @aH0@v3 | |
| 701 | 0 | @a李荣@Ali rong@4编 |
| 801 | 0 | @aCN@bPFT@c20060820 |
| 905 | @a10447@dH0@e136:4 | |
| 语言学专刊.第四种.切韵音系/李荣编.-北京:中国科学院,1952 |
| 182页;26cm |
| ISBN :CNY1.50 |
| ● |
| 相关链接 |
|
|
|
|
正题名:语言学专刊
索取号:H0/136:4
 
预约/预借
| 序号 | 登录号 | 条形码 | 馆藏地/架位号 | 状态 | 备注 |
| 1 | 0467114 | 204671140 | 密集书库/ [索取号:H0/136:4] | 在馆 |